[Event "ESTCC U50 2018"]
[Site "Walbrzych"]
[Date "2018.04.21"]
[Round "8"]
[White "Ruiz Bellon, Manuel"]
[Black "Bruno, Fabio"]
[Result "1/2-1/2"]
[WhiteElo "1861"]
[BlackElo "2439"]
[Annotator "TA"]
[PlyCount "81"]
[EventDate "2018.??.??"]
[EventCountry "POL"]
[SourceTitle "playchess.com"]
[Source "ChessBase"]
[SourceQuality "1"]
[WhiteTeam "Spain"]
[BlackTeam "Italy"]
[WhiteTeamCountry "ESP"]
[BlackTeamCountry "ITA"]

{[%evp 9,81,4,43,30,17,7,59,71,63,44,82,19,70,60,76,76,168,129,175,108,110,50,60,50,39,41,79,76,79,60,54,62,83,0,87,92,83,93,93,74,81,83,76,25,30,40,42,20,87,22,45,0,82,70,73,75,99,47,47,47,48,50,50,55,58,5,5,5,8,10,10,5,5,5]} 1. Nf3 d5 2. g3 c6 3. Bg2 Bg4 4. Ne5 Bh5 5. d4 f6 (5... Nd7 6. O-O Nxe5 7. dxe5 e6 8. Qd3 Bg6 9. e4 dxe4 10. Qb3 Qc7 11. Nc3 O-O-O 12. Be3 Kb8 13. Nxe4 Bxe4 14. Bxe4 {0-1 (39) Tokranovs,D (2348)-Gajewski,G (2601) Katowice 2017}) 6. Nd3 {A07: Réti Opening: New York and Capablanca Systems} (6. Nf3 {feels hotter.} Nd7 7. O-O e5 8. c4 e4 9. Nh4) 6... Nd7 7. c4 $146 ({Predecessor:} 7. Nf4 Bf7 8. e4 e5 9. Ne2 dxe4 10. Bxe4 exd4 11. Nxd4 Nc5 12. Bf3 Qa5+ 13. Bd2 {1-0 (36) Guerra Bastida,D (2280)-De la Villa Garcia,J (2475) Ponferrada 1992}) 7... e6 (7... dxc4 $11 8. Nf4 Bf7) 8. cxd5 $14 {White is slightly better.} exd5 9. Nc3 Bd6 10. Nf4 (10. Bf4 $16 Nb6 11. O-O) 10... Bf7 (10... Bxf4 $11 11. Bxf4 Ne7) 11. e4 {[%cal Re4d5]} dxe4 12. Nxe4 Nb6 (12... Bb8 $16) 13. O-O $1 $18 Nd5 14. Nxd5 ({White should play} 14. Qg4 $18 g5 15. Nxd5 Bxd5 16. f4) 14... Bxd5 $16 15. Nxd6+ (15. Re1 $16 Kf7 16. Nxd6+ Qxd6 17. Bf4) 15... Qxd6 $14 16. Bf4 Qd7 17. Re1+ Kf8 18. Bxd5 Qxd5 19. Qd2 {Qb4+ is the strong threat.} Kf7 20. Qb4 b6 21. Re2 (21. Qa3 $1 $16) 21... h5 (21... g5 $1 $11 {remains equal.} 22. Be3 Nh6) 22. h4 $16 Rd8 23. Rae1 Kg6 24. Qc3 Nh6 25. Bxh6 $1 Kxh6 26. Re7 (26. Qc1+ $16 Kh7 27. Re7) 26... Qxd4 $11 27. Qc1+ Qd2 28. Qxc6 Rc8 (28... Qxb2 $11 29. Rxa7 Rhg8) 29. Qe6 ({Better is} 29. Qb7 $1 $16) 29... Rc2 30. Qf5 Rc1 (30... Rc5 $1 $11 31. Qe6 Rc2) 31. Rxc1 $16 Qxc1+ {[%mdl 4096] Endgame [#] KQR-KQR} 32. Kg2 $1 Rd8 {[#]} 33. Rxa7 (33. Qe4 $1 $16) 33... Rd1 $14 34. Qf4+ Qxf4 35. gxf4 {KR-KR} Rd2 36. b3 Kg6 37. Rb7 (37. Kg3 $14) 37... Rxa2 $11 {The position is equal.} 38. Rxb6 Ra5 39. b4 Rd5 40. Rb7 Rd4 41. Kg3 {Precision: White = 40%, Black = 46%.} 1/2-1/2

[Event "ESTCC U50 2018"]
[Site "Walbrzych"]
[Date "2018.04.21"]
[Round "8"]
[White "Jones, Gareth"]
[Black "Webster, Jim J"]
[Result "1-0"]
[WhiteElo "1858"]
[BlackElo "1769"]
[Annotator "NA"]
[PlyCount "103"]
[EventDate "2018.??.??"]
[EventCountry "POL"]
[SourceTitle "playchess.com"]
[Source "ChessBase"]
[SourceQuality "1"]
[WhiteTeam "England"]
[BlackTeam "Scotland"]
[WhiteTeamCountry "ENG"]
[BlackTeamCountry "SCO"]
[TimeControl "40/5400+30:1800+30"]

1. Nf3 {[%emt 0:00:00]} c5 {[%emt 0:00:19]} 2. g3 {[%emt 0:00:00]} b6 {[%emt 0:00:24]} 3. Bg2 {[%emt 0:00:03]} Bb7 {[%emt 0:00:05]} 4. O-O {[%emt 0:00:13]} Nf6 {[%emt 0:00:03]} 5. b3 {[%emt 0:01:41]} g6 {[%emt 0:00:27]} 6. Bb2 {[%emt 0:00:08]} Bg7 {[%emt 0:00:02]} 7. d4 {[%emt 0:03:48] A04: Unusual lines after 1 Nf3 and King's Indian Attack} (7. c4 O-O 8. Nc3 d5 9. Nxd5 Nxd5 10. Bxg7 Kxg7 11. cxd5 Bxd5 12. d4 Nd7 13. dxc5 Nxc5 14. Qd4+ f6 15. Rfd1 Bxf3 16. Bxf3 Qxd4 17. Rxd4 {½-½ (41) Demidov,M (2523)-Vidit,S (2718) chess.com INT 2018}) 7... cxd4 {[%emt 0:00:44]} 8. Bxd4 {[%emt 0:01:41]} O-O {[%emt 0:00:08]} 9. Nbd2 {[%emt 0:01:58]} Nc6 {[%emt 0:01:32]} 10. Bb2 {[%emt 0:00:25]} d5 {[%emt 0:02:23]} 11. Nd4 $146 {[%emt 0:07:38]} ({Find the theoretical novelty and annotate with similar games:} 11. c4 dxc4 12. Nxc4 b5 13. Qxd8 Rfxd8 14. Ne3 Ne4 15. Bxg7 Kxg7 {0-1 (75) Dimitrov,A (2333)-Nikolaidis,I (2566) Porto Rio 2014}) 11... Qd7 {[%emt 0:09:55]} 12. e3 {[%emt 0:04:07]} Rac8 {[%emt 0:02:05]} 13. c4 {[%emt 0:04:23]} Rfd8 {[%emt 0:08:25]} 14. Qe2 {[%emt 0:05:06]} e6 {[%emt 0:08:47]} 15. Rfd1 {[%emt 0:03:32]} Qe7 {[%emt 0:01:05]} 16. Rac1 {[%emt 0:03:10]} dxc4 {[%emt 0:04:09]} 17. Nxc4 {[%emt 0:02:48]} Nxd4 {[%emt 0:02:18]} 18. Bxd4 {[%emt 0:05:57]} Bxg2 {[%emt 0:00:11]} 19. Kxg2 {[%emt 0:00:09]} Qb7+ {[%emt 0:01:20]} 20. f3 {[%emt 0:04:33]} Ne8 {[%emt 0:07:34]} 21. Bxg7 {[%emt 0:09:05]} Kxg7 {[%emt 0:00:28]} 22. Qb2+ {[%emt 0:00:27]} f6 {[%emt 0:00:08]} 23. a4 {[%emt 0:02:07]} a6 {[%emt 0:03:25]} 24. Ra1 {[%emt 0:05:35]} b5 {[%emt 0:03:14]} 25. axb5 {[%emt 0:05:24]} axb5 {[%emt 0:00:42]} 26. Rxd8 {[%emt 0:01:29]} Rxd8 {[%emt 0:00:18]} 27. Nd2 {[%emt 0:00:33]} Qb6 {[%emt 0:02:11]} 28. Kf2 {[%emt 0:03:09]} Rd3 {[%emt 0:00:46]} 29. Nf1 {[%emt 0:02:05]} Qc7 {[%emt 0:02:28]} 30. Ra8 {[%emt 0:02:50]} Rd8 {[%emt 0:02:40]} 31. Rxd8 {[%emt 0:05:09]} Qxd8 {[%emt 0:00:10]} 32. Qd2 {[%emt 0:02:44]} Qc7 {[%emt 0:01:27]} 33. Qd3 {[%emt 0:01:51]} Qc6 {[%emt 0:01:16]} 34. Nd2 {[%emt 0:02:57]} Nd6 {[%emt 0:00:17]} 35. Qd4 {[%emt 0:01:06]} Qc7 {[%emt 0:02:14]} 36. g4 {[%emt 0:02:43]} e5 {[%emt 0:01:08]} 37. Qd5 {[%emt 0:01:12]} Qe7 {[%emt 0:01:30]} 38. Ke2 {[%emt 0:02:04]} Qc7 {[%emt 0:04:11]} 39. Kd3 {[%emt 0:01:56]} Qb6 {[%emt 0:00:36]} 40. g5 {[%emt 0:00:00]} Qd8 {[%emt 0:03:22]} 41. Ne4 {[%emt 0:04:25]} Nf7 $18 {[%emt 0:01:01]} 42. Qxd8 {[%emt 0:03:33]} Nxd8 {[%emt 0:00:01]} 43. gxf6+ {[%emt 0:03:53]} Kf7 {[%emt 0:00:10]} 44. Nd6+ {[%emt 0:01:30]} Kxf6 {[%emt 0:00:11]} 45. Nxb5 {[%emt 0:00:08]} g5 {[%emt 0:00:38]} 46. Nd6 {[%emt 0:01:35]} Ke6 47. Ne4 {[%emt 0:01:20]} Kf5 {[%emt 0:02:11]} 48. b4 {[%emt 0:01:36]} Nb7 {[%emt 0:04:33]} 49. Ng3+ {[%emt 0:01:34]} Ke6 {[%emt 0:00:18]} 50. Kc4 {[%emt 0:00:29]} h6 {[%emt 0:01:34]} 51. Ne4 {[%emt 0:01:14]} Kf5 {[%emt 0:01:39]} 52. Kd5 {[%emt 0:01:20]} 1-0

[Event "ESTCC U50 2018"]
[Site "Walbrzych"]
[Date "2018.04.21"]
[Round "8"]
[White "Puroila, Sippo"]
[Black "Viljava, Tapani"]
[Result "1-0"]
[WhiteElo "1838"]
[BlackElo "2162"]
[Annotator "NA"]
[PlyCount "75"]
[EventDate "2018.??.??"]
[EventCountry "POL"]
[SourceTitle "playchess.com"]
[Source "ChessBase"]
[SourceQuality "1"]
[WhiteTeam "Finland"]
[BlackTeam "Finland"]
[WhiteTeamCountry "FIN"]
[BlackTeamCountry "FIN"]
[TimeControl "40/5400+30:1800+30"]

1. Nf3 {[%emt 0:00:00]} c5 {[%emt 0:02:34]} 2. c4 {[%emt 0:00:00]} g6 {[%emt 0:00:22]} 3. g3 {[%emt 0:02:53]} Bg7 {[%emt 0:00:09]} 4. Bg2 {[%emt 0:00:10]} Nc6 {[%emt 0:00:46]} 5. Nc3 {[%emt 0:02:44]} e6 {[%emt 0:02:00]} 6. e3 {[%emt 0:06:46]} Nge7 {[%emt 0:05:44]} 7. d4 {[%emt 0:01:58]} cxd4 {[%emt 0:14:28]} 8. Nxd4 {[%emt 0:01:08]} a6 {[%emt 0:09:17]} 9. O-O {[%emt 0:04:02]} O-O {[%emt 0:01:15] LiveBook: 7 Games} 10. Rb1 {[%emt 0:08:02] A36: Symmetrical English vs ...g6: 4 Bg2 Bg7} (10. Nb3 b5 11. c5 Bb7 12. a4 b4 13. Ne4 a5 14. Qc2 Nc8 15. Rd1 f5 16. Ned2 Qc7 17. f4 Nd8 {0-1 (56) Krysztofiak,M (2444)-Rajlich,I (2441) Warsaw 2012}) 10... Re8 $146 {[%emt 0:17:11]} ({Predecessor:} 10... Qc7 11. Nde2 Rb8 12. b4 Ne5 13. c5 b6 14. cxb6 Rxb6 15. Na4 Rb8 16. a3 Bb7 17. f3 Nc4 {0-1 (27) Guo,X (1882)-Weller,J (2249) Birmingham 2016}) 11. a3 {[%emt 0:10:19]} d5 {[%emt 0:06:40]} 12. Nxc6 {[%emt 0:02:15]} bxc6 {[%emt 0:01:03]} 13. cxd5 {[%emt 0:00:38]} cxd5 {[%emt 0:01:13]} 14. Bd2 {[%emt 0:04:49]} a5 {[%emt 0:05:34]} 15. Re1 {[%emt 0:05:57]} Ba6 {[%emt 0:02:15]} 16. Bf1 {[%emt 0:00:40]} Bxf1 {[%emt 0:00:22]} 17. Kxf1 {[%emt 0:00:11]} Nc6 {[%emt 0:07:34]} 18. Nb5 {[%emt 0:00:53]} Qd7 {[%emt 0:01:20]} 19. Qe2 {[%emt 0:01:17]} a4 {[%emt 0:05:30]} 20. b3 {[%emt 0:03:11]} Reb8 {[%emt 0:03:41]} 21. bxa4 {[%emt 0:04:03]} Rxa4 {[%emt 0:01:23]} 22. Rb3 {[%emt 0:00:27]} Ne5 {[%emt 0:03:16]} 23. Reb1 {[%emt 0:01:29]} Nc4 {[%emt 0:01:17]} 24. Bc1 {[%emt 0:03:51]} Raa8 25. e4 {[%emt 0:01:23]} h5 {[%emt 0:03:31]} 26. h4 {[%emt 0:00:14]} Rc8 27. Kg1 {[%emt 0:06:59]} Ra5 {[%emt 0:03:49]} 28. Bf4 {[%emt 0:01:12]} e5 {[%emt 0:00:49]} 29. Bd2 {[%emt 0:00:02]} Raa8 {[%emt 0:01:03]} 30. Be1 {[%emt 0:05:51]} Kh7 {[%emt 0:00:37]} 31. Nc3 {[%emt 0:00:27]} Nxa3 {[%emt 0:00:45]} 32. Rb7 {[%emt 0:00:55]} Qe8 {[%emt 0:00:13]} 33. R1b6 {[%emt 0:00:30]} Nc4 {[%emt 0:00:12]} 34. Nxd5 {[%emt 0:00:57]} Nxb6 {[%emt 0:00:15]} 35. Nxb6 {[%emt 0:00:12]} Qc6 {[%emt 0:00:21]} 36. Nxc8 {[%emt 0:01:08]} Qxb7 {[%emt 0:00:05]} 37. Nd6 {[%emt 0:00:55]} Qc7 {[%emt 0:00:30]} 38. Nb5 $19 {[%emt 0:00:23]} 1-0

[Event "ESTCC U50 2018"]
[Site "Walbrzych"]
[Date "2018.04.21"]
[Round "8"]
[White "Daleczko, Zbigniew"]
[Black "Sirotkina, Nina"]
[Result "1/2-1/2"]
[WhiteElo "1835"]
[BlackElo "2175"]
[Annotator "NA"]
[PlyCount "59"]
[EventDate "2018.??.??"]
[EventCountry "POL"]
[SourceTitle "playchess.com"]
[Source "ChessBase"]
[SourceQuality "1"]
[WhiteTeam "Poland"]
[BlackTeam "Russia"]
[WhiteTeamCountry "POL"]
[BlackTeamCountry "RUS"]
[TimeControl "40/5400+30:1800+30"]

1. e4 c5 2. Nf3 e6 3. d4 cxd4 4. Nxd4 a6 5. Nc3 Qc7 6. a3 Nf6 7. Be2 Be7 8. O-O Nc6 9. Be3 O-O 10. f4 d6 11. Kh1 {LiveBook: 74 Games} Bd7 12. g4 {B48: Sicilian: Taimanov: 5 Nc3 Qc7 6 Be3 a6 without Be2} (12. Bf3 Na5 13. Bf2 Rac8 14. Qd3 Nc4 15. Nd1 e5 16. b3 exd4 17. bxc4 Qxc4 18. e5 dxe5 19. fxe5 Ng4 20. Bxd4 Qxc2 21. Qxc2 Rxc2 22. Bxb7 {½-½ (29) Ivanov,O (2495)-Grachev,B (2628) Moscow 2016}) 12... Nxd4 13. Bxd4 Bc6 14. Bf3 e5 $146 ({Find the theoretical novelty and annotate with similar games:} 14... Nd7 15. Qe2 Rfe8 16. Rad1 Rac8 17. Qg2 e5 18. Be3 exf4 19. Bxf4 Ne5 {0-1 (71) Aguilo Pons,F (1867)-Checiak,K (2122) Palma de Mallorca 2009}) 15. Be3 exf4 16. Bxf4 Nd7 17. Nd5 Bxd5 18. exd5 Bf6 19. c3 $11 Be5 20. Qd2 {[%emt 1:40:00]} Qc4 21. Bg2 Rae8 22. Bxe5 Rxe5 23. Rf4 Qc7 24. Re1 Rxe1+ 25. Qxe1 Ne5 26. Qb1 h6 27. Qf5 Ng6 28. Re4 Qd8 29. Qf2 Re8 30. Qe1 1/2-1/2

[Event "ESTCC U50 2018"]
[Site "Walbrzych"]
[Date "2018.04.21"]
[Round "8"]
[White "Aird, Ian"]
[Black "Reuben, Stewart"]
[Result "1-0"]
[WhiteElo "1785"]
[BlackElo "2026"]
[Annotator "NA"]
[PlyCount "37"]
[EventDate "2018.??.??"]
[EventCountry "POL"]
[SourceTitle "playchess.com"]
[Source "ChessBase"]
[SourceQuality "1"]
[WhiteTeam "Scotland"]
[BlackTeam "England"]
[WhiteTeamCountry "SCO"]
[BlackTeamCountry "ENG"]
[TimeControl "40/5400+30:1800+30"]

1. e4 {[%emt 0:00:00]} c5 {[%emt 0:00:05]} 2. Nf3 {[%emt 0:00:00]} g6 {[%emt 0:00:07]} 3. d4 {[%emt 0:00:03]} cxd4 {[%emt 0:00:07]} 4. Qxd4 {[%emt 0:00:12]} Nf6 {[%emt 0:00:13]} 5. Nc3 {[%emt 0:00:25]} Nc6 {[%emt 0:00:43]} 6. Qa4 {[%emt 0:00:18]} Qc7 {[%emt 0:05:02]} 7. Bg5 {[%emt 0:06:21]} Bg7 {[%emt 0:00:59]} 8. Bxf6 {[%emt 0:02:57]} Bxf6 {[%emt 0:00:15]} 9. Nd5 {[%emt 0:00:24]} Qd6 {[%emt 0:03:02]} 10. Rd1 {[%emt 0:07:16]} Bxb2 {[%emt 0:06:25]} 11. Qb3 {[%emt 0:06:26]} Ba3 {[%emt 0:10:25]} 12. Be2 {[%emt 0:11:40]} O-O {[%emt 0:13:58]} 13. O-O {[%emt 0:01:26]} Na5 $18 {[%emt 0:08:02]} (13... Qc5 $11 {and Black is okay.}) 14. Qe3 {[%emt 0:04:15]} Kg7 {[%emt 0:25:15]} 15. Qc3+ {[%emt 0:02:54]} f6 {[%emt 0:02:33]} 16. Qxa5 {[%emt 0:00:38]} e6 {[%emt 0:01:24]} 17. Nxf6 {[%emt 0:03:38]} Bb4 {[%emt 0:03:23]} 18. Qa4 {[%emt 0:06:15]} b5 {[%emt 0:01:58]} 19. Bxb5 {[%emt 0:02:17]} 1-0

[Event "ESTCC U50 2018"]
[Site "Walbrzych"]
[Date "2018.04.21"]
[Round "8"]
[White "Germann, Martin"]
[Black "Van Herck, Marcel"]
[Result "1/2-1/2"]
[WhiteElo "1755"]
[BlackElo "2061"]
[Annotator "NA"]
[PlyCount "57"]
[EventDate "2018.??.??"]
[EventCountry "POL"]
[SourceTitle "playchess.com"]
[Source "ChessBase"]
[SourceQuality "1"]
[WhiteTeam "Switzerland"]
[BlackTeam "Belgium"]
[WhiteTeamCountry "SUI"]
[BlackTeamCountry "BEL"]
[TimeControl "40/5400+30:1800+30"]

1. d4 {[%emt 0:00:00]} d5 {[%emt 0:02:35]} 2. Nf3 {[%emt 0:00:00]} Nf6 {[%emt 0:00:24]} 3. e3 {[%emt 0:00:25]} Bf5 {[%emt 0:01:11]} 4. c4 {[%emt 0:02:42]} e6 {[%emt 0:02:12]} 5. Nc3 {[%emt 0:03:25]} c6 {[%emt 0:00:55]} 6. Be2 {[%emt 0:00:42]} h6 {[%emt 0:03:43] LiveBook: 82 Games} 7. O-O {[%emt 0:01:24]} Nbd7 {[%emt 0:00:18]} 8. Nd2 {[%emt 0:06:44] D12: Slav Defence: 3 Nf3 Nf6 4 e3 Bf5} (8. b3 Bd6 9. Bb2 O-O 10. Rc1 Qe7 11. h3 Ne4 12. Bd3 Nxc3 13. Bxc3 Bxd3 14. Qxd3 Bb4 15. Bxb4 Qxb4 16. e4 dxe4 17. Qxe4 {1-0 (28) Radjabov,T (2788)-Chadaev,N (2580) Astana 2012}) 8... Bd6 {[%emt 0:05:05]} 9. f3 {[%emt 0:02:31]} Bh7 $146 {[%emt 0:00:27]} ({Predecessor:} 9... Qb8 10. e4 Bxh2+ 11. Kh1 Nh5 12. e5 Bf4 13. Nde4 Ng3+ 14. Kg1 dxe4 15. Bxf4 Nxf1 16. fxe4 {0-1 (35) Primavera,G-Canal,E Venice 1948}) 10. e4 {[%emt 0:03:57]} dxe4 {[%emt 0:00:08]} 11. Ndxe4 {[%emt 0:01:42]} Bc7 {[%emt 0:19:56]} 12. Be3 {[%emt 0:09:42]} O-O {[%emt 0:01:30]} 13. Bd3 {[%emt 0:02:56]} e5 {[%emt 0:10:47]} 14. d5 {[%emt 0:09:30]} cxd5 {[%emt 0:00:22]} 15. cxd5 {[%emt 0:03:27]} Bb6 {[%emt 0:00:32]} 16. Qe2 {[%emt 0:03:26]} Bd4 {[%emt 0:01:08]} 17. Rad1 {[%emt 0:11:59]} Qb6 {[%emt 0:01:12]} 18. Nxf6+ {[%emt 0:02:43]} Nxf6 {[%emt 0:00:14]} 19. Bxh7+ {[%emt 0:00:45]} Nxh7 {[%emt 0:01:50]} 20. Bxd4 {[%emt 0:02:29]} exd4 {[%emt 0:00:05]} 21. Ne4 {[%emt 0:00:29]} Rfd8 {[%emt 0:09:01]} 22. Qc4 {[%emt 0:05:44]} Rac8 {[%emt 0:00:18]} 23. Qxd4 {[%emt 0:02:08]} f5 {[%emt 0:01:45]} 24. Qxb6 {[%emt 0:01:29]} axb6 {[%emt 0:00:04]} 25. Nc3 {[%emt 0:01:24]} Nf6 {[%emt 0:01:10]} 26. Rfe1 {[%emt 0:02:02]} Re8 {[%emt 0:00:24]} 27. Kf2 {[%emt 0:04:05]} Kf7 {[%emt 0:00:14]} 28. g3 {[%emt 0:00:39]} Rxe1 $18 {[%emt 0:04:07]} 29. Rxe1 {[%emt 0:01:32]} 1/2-1/2

[Event "ESTCC U50 2018"]
[Site "Walbrzych"]
[Date "2018.04.22"]
[Round "9"]
[White "Bellia, Fabrizio"]
[Black "Aird, Ian"]
[Result "1-0"]
[WhiteElo "2443"]
[BlackElo "1785"]
[Annotator "TA"]
[PlyCount "118"]
[EventDate "2018.??.??"]
[EventCountry "POL"]
[SourceTitle "playchess.com"]
[Source "ChessBase"]
[SourceQuality "1"]
[WhiteTeam "Italy"]
[BlackTeam "Scotland"]
[WhiteTeamCountry "ITA"]
[BlackTeamCountry "SCO"]

{[%evp 32,118,57,27,39,50,50,53,57,34,41,38,45,31,62,60,66,44,54,45,54,50,61,49,62,62,60,53,55,57,54,22,114,103,121,93,118,116,99,83,80,64,89,88,102,97,98,72,106,72,73,79,140,134,151,126,133,123,124,103,138,130,137,127,137,106,153,114,146,133,385,252,404,262,576,393,568,562,514,512,12839,12839,12840,12840,12841,12841,12843,12843,12845]} 1. e4 e6 2. d4 d5 3. Nd2 Nf6 4. e5 Nfd7 5. Bd3 c5 6. c3 Nc6 7. Ne2 cxd4 8. cxd4 f6 9. exf6 Nxf6 10. Nf3 Bd6 11. O-O Qc7 12. h3 O-O 13. Be3 {C06: French Tarrasch: 3...Nf6 4 e5 Nfd7 5 Bd3 main lines} Bd7 14. Re1 Rae8 (14... Be8 15. Ng5 Bf7 16. Rc1 Kh8 17. a3 Bg8 18. b4 a6 19. g3 h6 20. Nf4 Bxf4 21. Bxf4 {1-0 (38) Navara,D (2729)-Michiels,B (2563) Wijk aan Zee 2015}) 15. Nc3 {[%cal Be2c3,Bc3a4,Ba4c5][%mdl 32]} a6 16. Rc1 Qb8 17. Na4 {LiveBook: 11 Games} e5 18. dxe5 Nxe5 19. Nxe5 Bxe5 20. Nc5 $1 Bc8 {[#]} 21. Rc2 $146 Kh8 22. Nb3 Rf7 23. Bd4 Rfe7 {Strongly threatening ...Bh2+.} 24. Bxe5 (24. Rce2 {is interesting.} Bd7 25. Qc2 Bh2+ 26. Kf1 Rxe2 27. Rxe2 Be5 28. Bxe5 Rxe5 29. Nc5) 24... Rxe5 25. Rxe5 Rxe5 26. Nd4 Bd7 27. Re2 Qe8 28. f4 $36 {[%mdl 2048] White fights for an advantage.} Re3 29. Kf2 Re7 30. Rxe7 Qxe7 31. Qe2 (31. Qd2 {with more complications.} Nh5 32. Ne2 Qh4+ 33. Kg1 Qe7 34. Kf1) 31... Qxe2+ (31... Qb4 $11 32. Nf3 Qxf4) 32. Nxe2 $11 {[%mdl 4096] Endgame KBN-KBN} Kg8 33. Ke3 Kf7 34. Kd4 Ke7 35. Ke5 Be6 36. g4 h6 37. f5 Bf7 38. b4 Nd7+ {[#]} 39. Kf4 $1 Kd6 40. Nd4 Ne5 41. Be2 Nd7 (41... Nc4 $142) 42. h4 $16 Nf6 43. Bf3 Nd7 44. a3 Ne5 {[#]} 45. Be2 $1 Nd7 46. Nb3 Be8 47. g5 Bf7 48. Na5 Kc7 49. Ke3 b6 50. Nb3 Nb8 $2 {[%mdl 8192]} (50... hxg5 $16 51. hxg5 b5) 51. Nd4 Kd6 $2 (51... hxg5 {was necessary.} 52. hxg5 Bg8) 52. Kf4 {And now g6 would win.} a5 $2 (52... Ke7 {is a better chance.} 53. f6+ gxf6) 53. Bb5 axb4 (53... Nd7 $142 54. g6 Bg8) 54. axb4 $18 {White is clearly winning.} Bg8 55. g6 Nd7 (55... h5 $142 56. f6 gxf6 57. Nf5+ Kc7) 56. Bxd7 Kxd7 57. Ke5 Ke7 58. h5 Kd7 59. f6 Ke8 {Precision: White = 80%, Black = 28%.} 1-0

[Event "ESTCC U50 2018"]
[Site "Walbrzych"]
[Date "2018.04.22"]
[Round "9"]
[White "Garcia Palermo, Carlos"]
[Black "Robertson, Ian C"]
[Result "1-0"]
[WhiteElo "2404"]
[BlackElo "2038"]
[Annotator "ChessBase"]
[PlyCount "73"]
[EventDate "2018.??.??"]
[EventCountry "POL"]
[SourceTitle "playchess.com"]
[Source "ChessBase"]
[SourceQuality "1"]
[WhiteTeam "Italy"]
[BlackTeam "Scotland"]
[WhiteTeamCountry "ITA"]
[BlackTeamCountry "SCO"]
[TimeControl "40/5400+30:1800+30"]

1. d4 {[%emt 0:00:00]} d6 {[%emt 0:00:06]} 2. g3 {[%emt 0:00:01]} Nf6 {[%emt 0:00:43]} 3. Nf3 {[%emt 0:01:18]} Nbd7 {[%emt 0:00:38]} 4. Bg2 {[%emt 0:01:21]} e5 {[%emt 0:00:27]} 5. c4 {[%emt 0:00:40]} Be7 {[%emt 0:01:57]} 6. Nc3 {[%emt 0:00:33]} O-O {[%emt 0:01:02]} 7. O-O {[%emt 0:00:11]} c6 {[%emt 0:03:24]} 8. Qc2 {[%emt 0:01:11]} Qc7 {[%emt 0:00:47]} 9. b3 {[%emt 0:03:05]} Rb8 {[%emt 0:02:34]} 10. Ba3 {[%emt 0:13:07]} Re8 {[%emt 0:04:29]} 11. Rac1 {[%emt 0:03:53]} Bf8 {[%emt 0:08:15]} 12. e3 {[%emt 0:00:48]} b5 {[%emt 0:08:52]} 13. dxe5 {[%emt 0:03:46]} dxe5 {[%emt 0:05:24]} 14. Bxf8 {[%emt 0:00:21]} Nxf8 {[%emt 0:02:11]} 15. cxb5 {[%emt 0:06:44]} cxb5 {[%emt 0:01:16]} 16. Nd5 {[%emt 0:01:45]} Qxc2 {[%emt 0:12:28]} 17. Nxf6+ {[%emt 0:00:10]} gxf6 {[%emt 0:00:04]} 18. Rxc2 {[%emt 0:00:07]} Rb6 {[%emt 0:04:07]} 19. Rfc1 {[%emt 0:15:54]} Bf5 {[%emt 0:13:54]} 20. Rc7 {[%emt 0:00:24]} Ra6 {[%emt 0:01:41]} 21. Nh4 {[%emt 0:00:18]} Be6 {[%emt 0:08:40]} 22. R1c2 {[%emt 0:01:20]} Rd8 {[%emt 0:00:52]} 23. Bf3 {[%emt 0:00:50]} Ra3 {[%emt 0:09:46]} 24. Be2 {[%emt 0:03:03]} Rb8 {[%emt 0:04:28]} 25. R7c5 {[%emt 0:10:31]} Bd7 {[%emt 0:00:42]} 26. Bf3 {[%emt 0:11:30]} Rb6 {[%emt 0:00:41]} 27. Rd2 {[%emt 0:03:23]} a5 {[%emt 0:02:51]} 28. Rc7 {[%emt 0:05:18]} Be6 {[%emt 0:00:29]} 29. Rd8 {[%emt 0:00:36]} Kg7 {[%emt 0:01:02]} 30. g4 {[%emt 0:01:53]} Rxa2 {[%emt 0:00:40]} 31. Nf5+ {[%emt 0:00:28]} Bxf5 {[%emt 0:00:22]} 32. gxf5 {[%emt 0:00:05]} a4 {[%emt 0:00:41]} 33. bxa4 {[%emt 0:07:42]} Ra1+ {[%emt 0:00:45]} 34. Kg2 {[%emt 0:00:12]} bxa4 {[%emt 0:00:07]} 35. Bd5 {[%emt 0:01:09]} Rd1 {[%emt 0:00:31]} 36. Rxf7+ {[%emt 0:00:19]} Kh6 {[%emt 0:00:40]} 37. Rfxf8 {[%emt 0:00:13]} 1-0

[Event "ESTCC U50 2018"]
[Site "Walbrzych"]
[Date "2018.04.22"]
[Round "9"]
[White "Rooze, Jan"]
[Black "Tuomala, Timo"]
[Result "1-0"]
[WhiteElo "2307"]
[BlackElo "2197"]
[Annotator "ChessBase"]
[PlyCount "64"]
[EventDate "2018.??.??"]
[EventCountry "POL"]
[SourceTitle "playchess.com"]
[Source "ChessBase"]
[SourceQuality "1"]
[WhiteTeam "Belgium"]
[BlackTeam "Finland"]
[WhiteTeamCountry "BEL"]
[BlackTeamCountry "FIN"]
[TimeControl "40/5400+30:1800+30"]

1. e4 {[%emt 0:00:00]} e6 {[%emt 0:00:05]} 2. d4 {[%emt 0:00:00]} d5 {[%emt 0:00:03]} 3. Nc3 {[%emt 0:00:00]} Nf6 {[%emt 0:00:05]} 4. e5 {[%emt 0:00:00]} Nfd7 {[%emt 0:00:04]} 5. f4 {[%emt 0:00:00]} c5 {[%emt 0:00:03]} 6. Nf3 {[%emt 0:00:00]} Nc6 {[%emt 0:00:04]} 7. Be3 {[%emt 0:00:00]} a6 {[%emt 0:00:14]} 8. Qd2 {[%emt 0:01:46]} b5 {[%emt 0:00:10]} 9. dxc5 {[%emt 0:00:38]} Bxc5 {[%emt 0:01:25]} 10. Bd3 {[%emt 0:24:14]} Qb6 {[%emt 0:00:16]} 11. Bf2 {[%emt 0:00:21]} O-O {[%emt 0:16:31]} 12. O-O {[%emt 0:00:57]} f6 {[%emt 0:00:54]} 13. Rae1 {[%emt 0:04:31]} fxe5 {[%emt 0:15:45]} 14. fxe5 {[%emt 0:03:47]} Bb7 {[%emt 0:09:16]} 15. Bxc5 {[%emt 0:11:10]} Nxc5 {[%emt 0:03:17]} 16. Kh1 {[%emt 0:00:49]} b4 {[%emt 0:01:19]} 17. Nd1 {[%emt 0:02:01]} Ne4 {[%emt 0:12:49]} 18. Qe3 {[%emt 0:13:16]} Qa5 {[%emt 0:07:02]} 19. Nf2 {[%emt 0:05:14]} Ne7 {[%emt 0:12:50]} 20. Nxe4 {[%emt 0:06:08]} dxe4 {[%emt 0:00:07]} 21. Bxe4 {[%emt 0:00:09]} Bxe4 {[%emt 0:06:53]} 22. Qxe4 {[%emt 0:00:38]} Qxa2 {[%emt 0:00:17]} 23. Qxb4 {[%emt 0:00:52]} Ng6 {[%emt 0:01:04]} 24. Ra1 {[%emt 0:05:01]} Qd5 {[%emt 0:00:08]} 25. Rad1 {[%emt 0:00:02]} a5 {[%emt 0:01:36]} 26. Qa4 {[%emt 0:08:17]} Qc5 {[%emt 0:01:03]} 27. Qe4 {[%emt 0:04:29]} Rab8 {[%emt 0:02:18]} 28. b3 {[%emt 0:01:27]} Rb4 {[%emt 0:02:33]} 29. Qe2 {[%emt 0:00:12]} Rbf4 {[%emt 0:01:04]} 30. Qa6 {[%emt 0:00:32]} Nxe5 {[%emt 0:02:01]} 31. Qxe6+ {[%emt 0:00:26]} Kh8 {[%emt 0:00:04]} 32. Rd5 {[%emt 0:02:03]} Ng6 1-0